| 000 | 00467nam a22001577a 4500 | ||
|---|---|---|---|
| 008 | 151007b xxu||||| |||| 00| 0 eng d | ||
| 020 | _a9780982361832 | ||
| 050 | _aHF 5636 .H69 2008 | ||
| 100 |
_aHoyle, Joe _d2008 |
||
| 245 |
_aFinancial Accounting/ _cJoe Hoyle: |
||
| 260 |
_aNorth America; _bFlat World , _c2008. |
||
| 300 |
_a319p.:ill; _bincludes index |
||
| 650 | _aAccounting | ||
| 700 | _aCJ Skender | ||
| 942 |
_2lcc _cBOOKS _hHF 5636 .H69 2008 _02 |
||
| 999 |
_c7831 _d7831 |
||